000 01153 a2200229 4500
001 35102
005 20260407155635.0
008 260407a1973 arg spa d
003 AR-UNSa-BCEJYS
040 _aAR-UNSa-BCEJYS
_bspa
_cAR-UNSa-BCEJYS
080 _a658.011.56
_xAutomatización
245 1 0 _aProcedimientos informáticos en sistemas empresariales
264 1 _aBogotá :
_bPrentice/Hall Internacional
_c1973
300 _a303 p.
_c23 cm.
505 _a1. Historia y desarrollo - 2. Naturaleza y alcances de una empresa comercial - 3. Comunicaciones - 4. Diseño y control de formularios - 5. Registros y archivos - 6. Informes - 7. Documentación - 8. Naturaleza y alcances de la instalación de procesamiento electronico - 9. El papel del analista de sistemas - 10. Recopilación de información - 11. Planificación y control - 12. Conceptos sobre diseño de sistemas - 13. Presentación - instalación - implementación - 14. Cronologia de redes.
942 _cBK
590 _aniveau_biblio:m niveau_hierar:0
100 1 _aClark, Frank J.
700 1 _aGale, Ronald
700 1 _aFabian- Frankel, Bartolome
700 1 _aGray, Robert
999 _c2543
_d2543